[Event "La Roche sur Yon"]
[Site "La Roche sur Yon"]
[Date "2006.03.23"]
[Round "8"]
[White "Sasikiran, Krishnan"]
[Black "Istratescu, Andrei"]
[Result "1/2-1/2"]
[WhiteElo "2670"]
[BlackElo "2618"]
[Annotator "Hazai,L"]
[PlyCount "66"]
[EventDate "2006.03.15"]
[EventType "tourn"]
[EventRounds "9"]
[EventCountry "FRA"]
[EventCategory "12"]
[SourceTitle "CBM 112"]
[Source "ChessBase"]
[SourceDate "2006.06.07"]
[SourceVersion "1"]
[SourceVersionDate "2006.06.07"]
[SourceQuality "1"]

1. d4 g6 2. Nf3 Bg7 3. c3 Nf6 4. Bg5 d6 5. Nbd2 h6 6. Bh4 g5 7. Bg3 Nh5 8. e4 {
Black exchanges the important dark-squared B at an expence of weakening his >>,
and White gets the |^ in the [+].} e6 {/\ Qe7, Nd7 with a flexible position.}
9. Nc4 (9. Bc4 {- Dreev-Ki.Georgiev, Moscow rapid 2002 CBM 90}) (9. Ng1 {
- Maiwald-Grigore, Bucharest 1994 CBM 40}) 9... Qe7 (9... O-O {looks a bit
premature, in some cases Black can consider 0-0-0 as well.} 10. Nfd2 Nxg3 11.
hxg3 f5 {Black attacks White's [+], but also weakens his >>, especially the
a2-g8 /^.} 12. exf5 exf5 13. Qb3 $5 $36 {/\ 0-0-0 is the critical move here.} (
13. Bd3 Nc6 (13... Re8+ 14. Kf1) 14. Qc2 Qe7+ (14... Be6 15. Ne3 (15. O-O-O $5)
15... Ne7 16. f4 (16. O-O-O $5 {allows} f4) 16... c5 $5 {fighting for the [+]
looks more to the point.} (16... Nd5 {The risky-looking} 17. Nxf5 {deserves
attention.} (17. Nxd5 Bxd5 18. O-O-O Bxg2 19. Qb3+ (19. Rhg1 Bd5 20. Bxf5 Qf6
21. Be4 Bf7 22. Rdf1 {1/2-1/2 Kodinets-Vaulin, Moscow 1998}) 19... Kh8 20. Rh2
Bc6 21. d5 Bd7 22. Nf3 $36 {and White has a good compensation for the
sacrificed P.}) 17... Bxf5 18. Bxf5 Qe7+ 19. Be4 gxf4 20. Qb3 c6 21. O-O-O $36)
) 15. Kf1)) (9... Nc6 {The N is not so flexible here, Black cannot fight for
c5 anymore.} 10. Nfd2 Nxg3 11. hxg3 $5 (11. fxg3 {looks extravagant here, the
<-> is more important than the f one.} Bd7 12. Bd3 h5 13. Qe2 g4 14. a4 Qg5
$132 {Sasikiran-Stellwagen, Vlissingen 2004})) (9... Nd7 {is the flexible
reply.} 10. Nfd2 $1 (10. Qc2 Qe7 $5 {is the consistant plan.} (10... Nf8 {
/\ Ng6-f4 fighting for the dark squares on the >>.} 11. O-O-O Ng6 12. Nfd2 $5 {
/\ f3, Bf2 may leave the black knights in a limbo.} (12. Ne3 Bd7 13. Ne1 Qe7
14. Be2 Nhf4 $132 {Jussupow-Tseshkovsky, Vilnius 1980})) 11. O-O-O Nxg3 12.
hxg3 Nb6) (10. Bd3 Qe7 $5 (10... b6 {/\ Bb7} 11. a4 (11. Nfd2 Nxg3 12. hxg3 Bb7
13. Qe2 Qe7 14. O-O-O O-O-O) 11... a6 {This may become a target in case of
0-0-0} 12. Qe2 Nxg3 13. hxg3 Bb7 14. Nfd2 Qe7 15. f4 Rg8 (15... O-O-O 16. Ne3 {
weakening Black's <<.}) 16. Ne3 c5 17. e5 gxf4 18. gxf4 cxd4 19. cxd4 dxe5 20.
fxe5 $16 {keeping White's strong [+], Malaniuk-Yurtaev, Tallinn 1983.}) (10...
Nxg3 11. hxg3 Qe7 12. Ne3 (12. Qa4 {is not very useful.} a6 13. Ne3 c6 14. Qc2
{(Chernin-Short, Wijk aan Zee 1986 41/(57))} b5 $1 $13 {Van der Wiel})) 11.
Nfd2 (11. e5 {is not logical, White has to keep his nice [+].} Nxg3 12. fxg3 (
12. hxg3 g4 13. Nh4 dxe5 $17) 12... g4 13. Nh4 dxe5 14. Qxg4 O-O 15. dxe5 Nc5
16. Bc2 b5 17. Ne3 Qg5 $11 18. Qxg5 hxg5 19. Nf3 Bb7 20. Ng4 {1/2:1/2
Gofman-Mi.Tseitlin, SU 1982 34/(91)}) 11... Nxg3 12. hxg3 {- 9...Qe7}) (10. Ne3
Qe7 $5 (10... Nxg3 11. hxg3 Qe7 12. Bd3 (12. Nd2 {- 9...Qe7}) 12... Nf6 13. Qb3
$1 d5 $1 14. exd5 {fighting for >< f5} (14. e5 $6 Nd7 $132 {/\ c5 Byrne}) 14...
Nxd5 15. Nxd5 exd5+ 16. Kd2 $14 {Miles-Byrne, New York 1994 60/66}) 11. Nd2
Nxg3 12. hxg3 {- 9...Qe7}) 10... Nxg3 (10... Ndf6 $2 {Verdikhanov} 11. e5 Nxg3
12. exf6 Nxh1 13. fxg7 Rg8 14. g4 $16 {/\ Qf3}) 11. hxg3 Qe7 {- 9...Qe7} (11...
e5 $2 {Verdikhanov} 12. d5 $1 O-O 13. Ne3 $16 {and >< f5 is terribly weak.}) (
11... d5 $2 {Makarychev} 12. exd5 exd5 13. Ne3 $16 {>< f5})) 10. Nfd2 Nxg3 11.
hxg3 Nd7 12. Ne3 (12. Bd3 $1 {looks more flexible.} c5 13. dxc5 Nxc5 (13...
dxc5 {Verdikhanov} 14. a4 {strengthening the c4 N's position.} b6 15. Qe2 Bb7
16. O-O O-O 17. e5 $16 {and White grabs the |^ in the [+] and the >>.}) 14. Nb3
(14. Bc2 $5 $14) 14... O-O {(Verdikhanov-Lybin, Sankt_Peterburg 58/(84) 1993)}
(14... Nxb3 15. Qxb3 $1 O-O 16. Ne3 $16 {/\ Ng4 ><h6}) (14... Nxd3+ 15. Qxd3 d5
16. exd5 exd5+ 17. Ne3 Be6 18. O-O-O $16 {Black's P structure is corrupted,
the ^^ cannot fully compensate it.}) 15. Nxc5 $1 dxc5 16. Qh5 $1 (16. e5 b5 17.
Nd6 $14) (16. a4 $14) 16... b5 (16... Rd8 17. O-O-O $40 {>>}) 17. Ne3 c4 18.
Bc2 b4 19. Ng4 {and >< h6 finally falls.} Rd8 20. Nxh6+ Kf8 21. O-O bxc3 22.
Rad1 Bb7 23. bxc3 Bxc3 24. f4 Rxd1 25. Bxd1 $16) 12... a6 (12... c6 13. Bd3 $5
$14 (13. a4 {is not logical at all!} d5 14. e5 c5 15. f4 Nb8 16. Nf3 Nc6 17.
Bd3 Bd7 $13 {Malaniuk-Grigore, Montecatini Terme 1994})) (12... c5 $5 {
Kupreichik} 13. d5 Nf6) (12... Nf6 13. Qb3 $1 (13. f4 gxf4 14. gxf4 Bd7 15. Bd3
O-O-O 16. Qf3 Kb8 17. O-O-O e5 {Black takes up the gauntlet in the [+]
fighting for the dark squares.} 18. fxe5 dxe5 19. d5 h5 20. Rdf1 c6 $132 {
Balashov-Tseshkovsky, Sochi 1975}) 13... c5 $5 {Black wants to open up the
position for his ^^, this is the typical central blow in this setup.} (13... c6
{looks rather passive.} 14. O-O-O $14 {Salov-Smirin, SU-ch 1988 46/83}) 14. e5
$5 (14. d5 exd5 15. exd5 Bf5 $132) 14... dxe5 15. dxe5 Nd5 $5 (15... Nd7 16. f4
$36 {/\ Ne4, 0-0-0}) 16. Nxd5 exd5 17. Qxd5 Qxe5+ $11 {Kupreichik} (17... O-O
18. O-O-O $1 Bf5 (18... Rd8 19. Qe4 Be6 20. Bc4 $1 $16) 19. Nc4 Rfd8 (19...
Rad8 $6 20. Nd6 $1 $36 {Verdikhanov-Kupreichik, Berlin 61/70 1994}))) 13. Bd3
c5 14. d5 b5 (14... Ne5 15. Be2) 15. dxe6 {giving up the [+] doesn't look
forced.} (15. a4 b4 16. Qc2 $14 {seems to be more flexible.}) 15... fxe6 16. a4
(16. Qh5+ Qf7 17. Qxf7+ Kxf7 {The exchange of Q doesn't help for White.}) 16...
b4 17. cxb4 Bxb2 (17... cxb4 {was also possible.} 18. Ndc4 (18. Qh5+ Qf7 19.
Qxf7+ Kxf7 {is again not effective:} 20. Ndc4 Nc5 21. Rd1 Ke7) 18... O-O 19.
Bc2 Nc5 $13) 18. Rb1 Bc3 19. bxc5 Nxc5 20. Bc2 Bb7 21. O-O (21. Kf1 $5 {
leaving the R on the h <-> was also exciting.} O-O-O 22. Ndc4) 21... O-O 22.
Ndc4 Bxe4 (22... Rad8 23. Rb6 {>< d6}) (22... Nxe4 23. Qh5 {gives White good
attacking chances.} Bg7 (23... d5 24. Qg6+ Bg7 {- 25...Bg7}) 24. Qg6 Nf6 (24...
d5 25. Ng4 $40) 25. Nxd6 $16) 23. Nxd6 Rad8 (23... Bxc2 24. Qxc2 Qxd6 25. Qxc3
$14 {and Black's P structure is full of weaknesses.}) 24. Bxe4 Nxe4 25. Qc2
Rxd6 26. Qxe4 {White has a slight edge in view of the weak black P structure,
but Black can defend himself.} Bg7 (26... Qh7 27. Qc4 Bd4 $132 {centralizing
the black pieces gave some counterplay.}) 27. Rb7 (27. Nc4 Rd4 {The R is not
so effective in the [+] as the B!} 28. Qc6 $14) (27. Rfd1 $5 Rxd1+ 28. Rxd1 $14
) 27... Qf6 28. a5 {In some cases the P may become vulnerable.} (28. Ra7 $1 {
looked more flexible.} Kh8 (28... Qd4 $6 29. Qb7 Rb6 30. Qc7 Rb2 31. Rd1 $18) (
28... Rd2 $6 29. Ng4 Qf5 30. Qb4 $16)) 28... Rd2 (28... Qd4 $5) 29. Kh2 (29.
Ng4 Qf5 30. Qb4 Ra2 (30... Rfd8 31. Qe7 $1) 31. Rd1 Qg6 {and Black has still
defensive resources!}) 29... h5 30. Ra7 (30. Rb6 {looks more threatening, but
after} Rd4 (30... h4 31. Rxe6 Qd4 32. gxh4 Qxe4 33. Rxe4 gxh4 34. Kh3 (34. f3)
34... Rfxf2 35. Rxf2 Rxf2 {Black has good drawing chances because of the lack
of material.}) 31. Qxe6+ Qxe6 32. Rxe6 Ra4 33. Rxa6 Rf6 34. Ra8+ Rf8 {and the
a o^ will fall.}) 30... h4 31. gxh4 Rxf2 32. Rxf2 Qxf2 33. hxg5 (33. Qxe6+ Kh8
34. hxg5 Qh4+ 35. Qh3 Be5+ 36. Kh1 Qxh3+ 37. gxh3 Bd4 38. Re7 Rf3 39. Ng4 Rxh3+
40. Kg2 Rh5 $11 {was also drawish.}) 33... Be5+ 1/2-1/2

[Event "Novak Nikolic Memorial 2nd"]
[Site "Belgrade"]
[Date "2000.02.12"]
[Round "10"]
[White "Zhukova, Natalia"]
[Black "Kovacevic, Aleksandar"]
[Result "0-1"]
[WhiteElo "2471"]
[BlackElo "2462"]
[Annotator "Hazai,L"]
[PlyCount "150"]
[EventDate "2000.02.02"]
[EventType "tourn"]
[EventRounds "11"]
[EventCountry "YUG"]
[EventCategory "11"]
[SourceTitle "CBM 076"]
[Source "ChessBase"]
[SourceDate "2000.05.31"]
[SourceVersion "1"]
[SourceVersionDate "2000.05.31"]
[SourceQuality "1"]

1. d4 Nf6 2. Nf3 g6 3. Bf4 Bg7 4. e3 O-O 5. Be2 c5 6. c3 b6 7. O-O Bb7 8. a4 d6
9. h3 a6 10. Nbd2 Nbd7 11. Bh2 {This quiet positional system is a reversed
Reti Opening. Black has no problems for equalization, although White's
position is so safe, that losing it is not easy at all.} Qc7 12. Qb1 {in order
to control the important e4 square. Sometimes White wants to change the P
structure by e3-e4.} Rac8 {This is not the only possible plan.} (12... Rfe8 {
is another prophylactic move.} 13. Rd1 Rad8 (13... Rac8 {looks more natural
here.}) 14. Bc4 Qc6 {/\ b5} 15. e4 b5 16. Bf1 e5 {In this P structure the B on
h2 is out of play.} 17. d5 Qb6 18. b3 Rb8 19. Qc2 Nh5 $13 {with pressure on
the dark squares, J.Fernandez-Zapata, Cienfuegos 1983. The position reminds me
to the Ruy Lopez Breyer!}) (12... cxd4 13. cxd4 {It looks safer to keep the
symmetry in the [+].} (13. exd4 {can give Black sufficient counterplay after
centralizing the N by} Nd5 {Here we see the weakness of a4. In case of c3-c4
the N gets >< b4.} 14. Re1 Rfe8 (14... Bc6 15. Nb3 {The N is misplaced here.}
Rfe8 {/\ e5} 16. Qc1 e5 17. dxe5 dxe5 {Now Black has the pressure in the [+].}
18. Qd2 Qb7 19. Bc4 h6 20. Rad1 N5f6 21. Nh4 {Here is another misplaced N.} Nf8
22. a5 b5 23. Bf1 N8d7 24. Qc2 Rac8 25. Nd2 e4 26. Nb3 Bd5 27. Nd4 Nc5 {
Black has now an irritating pressure in the [+].} 28. f3 b4 29. Kh1 Nfd7 30.
Qd2 Nd3 31. fxe4 Nxe1 32. exd5 Bxd4 33. Qxd4 bxc3 34. bxc3 Nc2 $19 {
Paehtz-Hazai, Leipzig 1983}) 15. Qa2 Bh6 {>< f4} 16. Qb3 Nf4 17. Bf1 e5 $15 {
Portisch-Gulko, Linares 1990}) 13... Rac8 14. Rc1 Qxc1+ {This is the safe
method for simplifying matters.} (14... Qb8 {fights for more.} 15. Qa2 Qa8 {
/^ h1-a8} 16. Qb3 Bd5 17. Qd3 Nb8 {/\ Nc6-b4} 18. Ne1 a5 19. Bf1 Nc6 20. Nc2
Bh6 {against e3-e4.} 21. Bg3 Be6 22. Bh4 Nd5 23. Nc4 Rc7 24. Qd2 Rfc8 $13 {
Matlak-Dvoirys, Polanica Zdroj 1989}) 15. Qxc1 Rxc1+ 16. Rxc1 Rc8 $11) 13. c4 (
13. Re1 Bh6 $1 {This is the typical manoeuvre here.} (13... e5 {however comes
also into consideration, for example:} 14. dxe5 Nxe5 15. Nxe5 dxe5 16. Bf3 Nd5
17. Qc2 c4 18. Be2 b5 19. axb5 axb5 $13 {with some space advantage for Black,
Minibock-Barbero, AUT-chT 1995.}) 14. e4 {and now the /^ c1-h6 is opened for
the B.} cxd4 15. cxd4 e5 $5 16. d5 Qc2 17. Bd3 Qxb1 18. Bxb1 $1 {
(Dydyshko-Svidler, Moscow ol 1994 62/58)} a5 $5 {/\ Ba6 Nc5} 19. Bd3 Nc5 20.
Bb5 Ba6 $1 $13 {Dydyshko}) (13. Rc1 cxd4 (13... Bh6 {comes into consideration
again.}) 14. exd4 (14. cxd4 $11) 14... Rfe8 15. Re1 {So the R on c1 was
misplaced.} Nd5 16. Bc4 Qb8 17. Qa2 N7f6 18. Ng5 Qc7 19. Bb3 Qc6 20. f3 e6 21.
Nde4 Rcd8 22. Nxf6+ Bxf6 23. Ne4 Be7 24. Re2 Kg7 25. Bg3 Nf6 26. Nxf6 Bxf6 27.
Rae1 Qd7 28. Bc2 {1/2:1/2 Sonntag-Troyke, BL 1993}) 13... e5 (13... cxd4 14.
exd4 {and only now} e5 {is a serious alternative.} 15. b4 (15. d5 a5 {/\ Nc5})
15... exd4 16. Nxd4 Rfe8 $13) 14. dxe5 (14. d5 a5 {and Black will regroup his
pieces to the >>.}) 14... dxe5 ({There was nothing wrong with} 14... Nxe5 15.
Nxe5 (15. a5 Nfd7 16. axb6 Qxb6 $11) 15... dxe5 16. Bf3 Rcd8 $11) 15. a5 (15.
Rd1 Rfe8 (15... Qc6 16. a5) 16. a5 {- 15.a5}) 15... Rfe8 16. Rd1 h6 {This
doesn't look necessary here.} ({Both} 16... bxa5 17. Qa2 Rcd8) ({and} 16...
Rcd8 {deserve attention.}) 17. b4 $6 {Finally Black will grab the b <->.} (17.
axb6 Qxb6) (17. Ne1 $5 {was more to the point.}) 17... bxa5 18. bxa5 Bc6 {
/\ Rb8} 19. Qc2 Rb8 20. Ne1 Rb7 21. Bf3 (21. Nd3 Ne4) 21... Bxf3 22. Ndxf3 Qc6
23. Rab1 Rxb1 24. Rxb1 {Now White has got the b <->, but there is no
penetration.} Ne4 (24... e4 25. Nd2 {opens up the /^ for the B.}) 25. Rd1 Nd6
26. Rd5 Nb7 {White has to calculate with the weakness on a5.} 27. Nd3 (27. Qd2
$5 {looks much more active doubling on the d <->.} Re7 28. Nd3 e4 29. Nde5 Nxe5
30. Nxe5 Qa4 $132) 27... f6 {killing the B on h2, but weakening the light
squares a bit.} (27... e4 28. Nde5 Nxe5 29. Nxe5 Qe6 30. Qxe4 Nxa5 (30... f6 $2
31. Qb1 $16) 31. Qd3 {with well centralized white pieces.}) 28. Nh4 Nf8 29. g4
(29. Nc1 f5 30. e4 (30. Nb3 Qa4) 30... f4) 29... Kh7 30. Bg3 $2 {This is too
slow.} (30. f4 {looks more aggressive.} Rd8 (30... exf4 $2 31. Nxf4 $16) 31.
Rxd8 Nxd8 32. fxe5 (32. f5 g5 33. Nxe5 Qb7 34. Ng2 fxe5 35. f6+ Ng6 36. fxg7
Kxg7) 32... Qe4 $1 $36) 30... Rd8 31. Rxd8 (31. e4 {gives up >< d4 after} Ne6)
31... Nxd8 32. Nc1 Nb7 33. Ne2 {This gives up the P without any fight.} (33.
Nb3 Qa4 $36) 33... Nxa5 34. Qa2 Qb6 35. Nc3 Qb4 36. Nd5 Qxc4 37. Nxf6+ Bxf6 38.
Qxa5 Qb5 $2 (38... Ne6 $1 39. Nf3 e4 40. Ne5 Qd5 $19) 39. Qc7+ Nd7 40. Nf3 e4
41. Ne5 Bxe5 42. Bxe5 Kg8 43. Bc3 {Now White has got serious conterchances
because of his active pieces.} Qd3 44. Qd8+ Kf7 45. Qh8 Ke6 $6 {This is losing
a vital tempo.} (45... Qd1+) 46. Qe8+ Kd6 47. Qxg6+ Kd5 48. Qf7+ Kc6 49. Bg7
Kb5 50. Bxh6 Nb6 51. Bf8 $2 {The B is superior to the N in an open position
when the P race begins. However this is not the right /^ for him.} (51. g5 c4
52. g6 c3 53. Qb3+ $18) 51... c4 52. Bg7 {Now White's play is probably
explained with tiredness or time trouble.} Nd5 53. Qb7+ Ka5 54. Bd4 Nb4 55. Bc5
Nd5 56. Bd4 Nb4 57. Bc5 Nd5 58. Bd4 Nb4 59. Kg2 {The draw is not enough, but
she pushes too hard.} Ka4 60. Bc5 (60. Qc8 {was required.}) 60... a5 61. Bd4 (
61. Kg3) 61... c3 62. Qc8 (62. Bxc3 Qxc3 63. Qxe4 Qc6 64. Qxc6+ (64. Kf3 Kb5)
64... Nxc6 65. h4 Kb4 66. h5 a4 67. h6 Ne5 68. h7 Ng6 $19) 62... Kb3 63. g5 Qc4
64. Qxc4+ Kxc4 $19 {Now the game is lost!} 65. Bxc3 (65. g6 Nd5 66. g7 Ne7 67.
h4 a4 68. h5 Ng8 $19) 65... Kxc3 66. h4 Nc6 67. h5 Ne7 68. h6 a4 69. h7 Ng6 70.
Kg3 a3 71. Kg4 a2 72. Kf5 a1=Q 73. Kxg6 Kd3 74. Kh6 Ke2 75. g6 Qf6 0-1

[Event "Novak Nikolic Memorial 2nd"]
[Site "Belgrade"]
[Date "2000.02.02"]
[Round "1"]
[White "Popchev, Milko"]
[Black "Kovacevic, Aleksandar"]
[Result "0-1"]
[WhiteElo "2510"]
[BlackElo "2462"]
[Annotator "Hazai,L"]
[PlyCount "76"]
[EventDate "2000.02.02"]
[EventType "tourn"]
[EventRounds "11"]
[EventCountry "YUG"]
[EventCategory "11"]
[SourceTitle "CBM 076"]
[Source "ChessBase"]
[SourceDate "2000.05.31"]
[SourceVersion "1"]
[SourceVersionDate "2000.05.31"]
[SourceQuality "1"]

1. d4 Nf6 2. c3 g6 3. Bg5 Bg7 4. Nd2 O-O 5. e4 d6 6. Ngf3 c5 {This is the
other plan to attack the [+] besides the plans connected with e7-e5.} 7. dxc5 (
7. d5 {see Krasenkov-Bologan, CBM 76.}) 7... dxc5 8. Bc4 Nc6 (8... Qc7 9. O-O
Nc6 {is only a transposition to the main line.}) 9. O-O (9. Qe2 Qc7 10. O-O {
- 9.0-0}) 9... Qc7 {Black prepares for the pressure on the d <->, and controls
the important h2-b8 /^.} 10. Re1 {vacating the f1 square for the pieces.} (10.
Qe2 {is a serious alternative leaving the d <->.} h6 ({Or first} 10... Na5 11.
Bd3 {and then} h6 12. Be3 (12. Bh4 Nh5 $1 {/\ Nf4} 13. Qe3 Rd8 14. Bc2 g5 15.
Bg3 Nxg3 {Black weakens his >>, especially >< f5, but gains the ^^.} 16. fxg3 {
This weakens the structure, but the semi-opened f <-> has his benefits as well.
} Be6 17. e5 Qc6 18. Ne4 Nc4 19. Qxc5 Qxc5+ 20. Nxc5 Bd5 $44 {and the active
black pieces secure sufficient counterplay against the weaknesses in the white
camp, Zilberman-Yurtaev, Frunze 1989.}) 12... b6 {/\ Ng4} 13. h3 Rd8 {The B on
d3 is a target.} 14. Nh2 Nc6 15. Bc2 Nh5 {/\ Nf4} 16. Bb3 Nf4 $11 {
Trifunovic-Smyslov, Dortmund 1961}) 11. Bxf6 (11. Bh4 {is met by the standard}
Nh5 12. Qe3 (12. Rfe1 {- 10.Re1}) 12... b6 13. Rfe1 g5 14. Bxg5 $6 {This looks
rather brave here.} (14. Bg3 Nxg3 {gives Black a fine game due to his ^^.})
14... hxg5 15. Qxg5 Nf6 (15... Nf4 $5) 16. e5 Nh7 {This is the cold-blooded
defence.} (16... Ng4 $2 17. Bd5 Rb8 18. e6 f5 19. Nf1 $16 {Speelman-Howell,
Calcutta 1996}) 17. Qh5 Qd7 $15) 11... exf6 $1 {Closing the /^ for the B, but
threatening to open it immediately after f6-f5.} (11... Bxf6 12. Qe3) 12. Nh4 {
White has to do something against the freeing move f6-f5.} g5 $1 {Suddenly
Black allows the closing of his B, but the >< f5 P becomes a weakness.} 13. Nf5
Bxf5 14. exf5 Qf4 15. Ne4 Rae8 16. Rae1 Qxf5 $15 {and the weak f P has fallen,
Sashikiran-Fedorov, Calcutta 1999.}) 10... h6 11. Bh4 (11. Be3 $6 {runs into}
Ng4 {and if} 12. Bxc5 $4 {then} Nce5 $19) 11... Nh5 12. Nf1 (12. Qe2 g5 (12...
Ne5 $6 13. Nxe5 Bxe5 {inserts the maximum pressure on the h2-d8 /^ and on f4
especially, but after} 14. g3 $1 {suddenly the pressure has vanished.} Bh8 15.
f4 Ng7 {This was a sad retreat!} 16. Qf3 Be6 17. Rad1 $14 {Van Wely-Leko,
Tilburg 1996}) (12... Na5 $5 {looks also promising threatening both bishops.}
13. Bb5 a6 14. Ba4 b5 15. Bc2 Bb7 $15) 13. Bg3 Nxg3 14. hxg3 $11) (12. Nb3 {
The N is rather misplaced here.} Bg4 {increasing the pressure on the dark
squares.} 13. Bg3 {(Itkis-Aronian, Bucharest 1999)} Nxg3 $1 14. hxg3 Ne5 $15) (
12. Qc2 Na5 (12... b6 13. Be2 (13. Bf1 {The B was rather vulnerable on c4.} Bb7
14. a4 Ne5 15. Nxe5 Bxe5 16. Bg3 Nxg3 17. hxg3 Bg7 18. Nc4 {1/2-1/2
Malaniuk-Spasov, Nis 1996}) (13. a3 {This looks rather slow.} g5 14. Bg3 Nxg3
15. hxg3 e6 {controlling the light squares as well.} 16. Rad1 Bb7 17. Ba2 g4
18. Nh4 {The N is completely out of place here.} b5 19. e5 {Desperation.} Nxe5
20. c4 b4 21. axb4 cxb4 22. c5 Rfd8 23. Nb3 Bd5 24. Re3 a5 $19 {Duong-Kudrin,
New York op 1991}) 13... Bb7 14. Nc4 g5 15. Bg3 Nxg3 16. hxg3 Ne5 17. Nfxe5
Bxe5 18. Nxe5 Qxe5 {Black has everything in order.} 19. Bc4 Rad8 20. Rad1 Rd6 {
1/2:1/2 Malaniuk-Timoschenko, Palma de Mallorca 1989}) (12... Rb8 {/\ b5
gaining space on the <<.} 13. a4 a6 14. Nb3 {/\a5} b5 15. axb5 axb5 16. Bf1 c4
(16... Ne5 $5 17. Nbd2 (17. Nxe5 Bxe5 18. Bg3 Nxg3 19. hxg3 c4 $15 {^^}) 17...
Bg4 18. Bg3 $5 Nxg3 19. hxg3 $10 {Stohl}) 17. Nbd4 Nxd4 18. Nxd4 (18. cxd4 $6 {
creates only a weakness on d4.} g5 19. Bg3 Nxg3 20. hxg3 g4 $17) 18... e5 $10 {
Chekhov-Fedorov, Moscow 1995}) 13. Bf1 Be6 14. Nb3 Nc4 15. Nbd2 Na5 16. Nb3
Nxb3 {Black wants more than a draw!} 17. axb3 a5 {fixing the weaknesses on the
<<.} 18. Bc4 Bxc4 19. bxc4 g5 20. Bg3 Nxg3 $15 {Yakovich-Notkin, Elista 1997})
(12. Bf1 Rd8 13. Qc2 Rb8 14. a4 a6 15. Nc4 b5 16. axb5 axb5 17. Ne3 g5 18. Bg3
Nxg3 19. hxg3 e6 {and only Black can be better here, Stohl.}) 12... g5 13. Bg3
$6 {White gives up the ^^ without any fight.} (13. N3d2 {was the typical
method here avoiding the loss of the B.} Nf4 14. Bg3 Rd8 $13) 13... Nxg3 14.
Nxg3 Bg4 (14... Rd8 15. Qe2 Bg4 16. h3 Bxf3 17. Qxf3 Ne5 18. Qe2 Nxc4 19. Qxc4
Rd2 20. Re2) 15. h3 $143 $6 (15. Be2 Rad8 16. Qc2 {was the persistant defence
evacuating the threatened pieces from the motifs of doubled ->.}) (15. Nf5 Rad8
16. Qe2 Ne5 $36) 15... Rad8 16. Qe2 $6 ({Surprisingly enough the move against
all principles} 16. Bd5 {was the last chance to hold the position, but this
can only be suggested by a computer.} Bxf3 17. Qxf3 Ne5 18. Qe3 e6 $15) 16...
Bxf3 17. Qxf3 Rd2 $1 {Now the penetration on the second rank is painful.} 18.
Nf5 (18. Qe3 Rxb2 19. Qxc5 Bxc3 20. Bxf7+ Rxf7 21. Qxc3 Qb6 $19 {>< f2}) 18...
Ne5 19. Qg3 Rc8 ({The simple} 19... Rxb2 20. h4 Rc8 $19 {was also decisive.})
20. Be2 Rxb2 $19 21. h4 Ng6 22. Qg4 gxh4 23. e5 e6 24. Nxg7 Kxg7 25. f4 Rd8 26.
Bf3 Qe7 27. a4 Rdd2 28. a5 c4 29. Re4 Qc5+ 30. Kh2 Ra2 31. Rb1 Rxa5 32. f5 exf5
33. Qxf5 Qe7 ({Or} 33... Nxe5 34. Rxb7 Qf2 35. Rxf7+ Nxf7 36. Rg4+ Kf8 37. Qxa5
Qxf3 $19) 34. Qf6+ Qxf6 35. exf6+ Kxf6 36. Rxb7 Ne5 37. Kh3 Ra3 38. Kxh4 Rxc3
0-1